|
|
|
|
| LEADER |
00000cam a2200000 7i4500 |
| 001 |
0000000524 |
| 005 |
20021118093000.0 |
| 008 |
021118n |
| 020 |
|
|
|a 9839041045
|
| 090 |
0 |
0 |
|a PL5111.5
|b .A24
|
| 110 |
0 |
|
|a Abdul Hamid Mahmood
|e author
|
| 245 |
0 |
0 |
|a Menguasai ejaan bahasa Malaysia dengan cepat
|c Abdul Hamid Mahmood
|
| 260 |
2 |
|
|a Kajang, Selangor : Masa Enterprise ,
|c 1992
|
| 300 |
|
|
|a vi, 74 ms. ; ;
|c 19 sm.
|
| 440 |
0 |
0 |
|a Siri bahasa Masa
|
| 650 |
|
0 |
|a Malay language
|x Orthography and spelling
|
| 999 |
|
|
|a 1000024221
|b Book
|c OPEN SHELF (30 DAYS)
|e Gong Badak Campus
|
| 999 |
|
|
|a 1000026275
|b Book
|c OPEN SHELF (30 DAYS)
|e Gong Badak Campus
|
| 999 |
|
|
|a 1000026276
|b Book
|c OPEN SHELF (30 DAYS)
|e Gong Badak Campus
|
| 999 |
|
|
|a 1000026277
|b Book
|c OPEN SHELF (30 DAYS)
|e Gong Badak Campus
|